01218nam a22001457a 4500008004100000022001800041050002500059245015900084260003500243300001800278440016500296505056200461700003101023700001801054150127b xxu||||| |||| 00| 0 eng d a9781405738095 aKD310.H34(5ed vol.3) aHalsbury's Laws of England: Lord Mackay of Clashfern: Lord High Chancellor of Great Britain (1987-97). vol 3. /cedited by Tamsin Cundy and Mohini Tulloch aLondon:bReed Elsevier,c2011. a910p.:c24cm. aHalsbury's laws of England Lord Mackay of Clashfern, Lord High Chancellor of Great Britain (1987-97) vol 3. /pArmed conflict and emergency armed forces.vvol.3 aContents: How to use Laws of England -- References and abbreviations -- Table of statutes -- Table of statutory instruments -- Table of European legislation -- Table of conventions -- Table of cases -- Armed conflict and emergency: Legality and the use of force -- War and neutrality -- International agreements and conventions -- Wartime emergency powers -- Alien enemies, trade and property -- Armed forces: The legal position of the armed forces -- Regular forces -- Reserve forces -- Discipline in the armed forces -- Other matters common to all forces. aedited by Tulloch, Mohini aCundy, Tamsin